| 000 | 00494 a2200157 4500 | ||
|---|---|---|---|
| 999 |
_c9400 _d9400 |
||
| 020 | _a9781138655027 | ||
| 050 | _aK 650 COR 2016 | ||
| 100 |
_aKaisershot, Manette _eeditor |
||
| 245 |
_aCorporate power and human rights / _cManette Kaisershot and Nicholas Connolly |
||
| 264 |
_aU.K. : _bRoutledge, _c2016 |
||
| 300 | _a230p.: | ||
| 500 | _aIncludes bibliographical references and index | ||
| 650 | _aHuman rights and law | ||
| 700 |
_aConnolly, Nicholas _eeditor |
||
| 942 |
_2lcc _cBK _h650 _iCOR _kK |
||